التآمر على التاريخ الإسلامي / (Record no. 14484)
[ view plain ]
| 000 -الفاتح | |
|---|---|
| حقل البيانات ثابتة الطول | 01352nam a2200289 i 4500 |
| 003 - محدد رقم الضبط | |
| رقم الضبط | EG-ScBUE |
| 005 - وقت وتاريخ اخر تعامل مع التسجيلة | |
| رقم الضبط | 20230920101726.0 |
| 008 - عناصر البيانات ثابتة الطول - معلومات عامة | |
| حقل البيانات ثابتة الطول | 100715s1990 u f b 000 0 ara d |
| 017 ## - رقم الإيداع القانونى | |
| رقم الإيداع القانونى | 1990 / 2866 |
| 040 ## - مصدر الفهرسة | |
| وكالة الفهرسة الأصلية | EG-ScBUE |
| لغة الفهرسة | ara |
| قواعد الوصف | rda |
| وكالة النسخ | EG-ScBUE |
| وكالة التعديل | EG-ScBUE |
| 082 04 - رقم تصنيف ديوى العشرى | |
| رقم الطبعة | 22 |
| رقم التصنيف | 909.097616 |
| رقم المادة | ع ب د |
| 100 1# - المدخل الرئيسى - إسم شخصى | |
| 9 (RLIN) | 16313 |
| الإسم الشخصى | عبد الآخر ، أبو الوفا أحمد، |
| الدور | مؤلف. |
| 245 12 - بيان العنوان | |
| العنوان | التآمر على التاريخ الإسلامي / |
| بيان المسئوليه,etc | تأليف الدكتور أبو الوفا أحمد عبد الآخر ؛ حققه وراجعه وقدم له الدكتور محمد كامل البنا. |
| 250 ## - بيان الطبعة | |
| بيان الطبعة | الطبعة الأولى. |
| 264 #1 - النشر، التوزيع | |
| مكان الناشر او الموزع | القاهرة : |
| اسم الناشر او الموزع | [أبو الوفا أحمد عبد الآخر]، |
| تاريخ النشر أو التوزيع | 1990. |
| 300 ## - الوصف المادى | |
| التعداد | 222 صفحة ؛ |
| أبعاد الوعاء | 24 سم. |
| 336 ## - نوع المحتوى | |
| source | rdacontent |
| Carrier Type Term | نص |
| Content Type Code | txt |
| 337 ## - نوع الوسيط | |
| source | rdamedia |
| Media Type Term | بدون وسيط |
| Media Type Code | n |
| 338 ## - نوع الحامل أو الناقل | |
| source | rdacarrier |
| Carrier Type Term | مجلد |
| Carrier Type Code | nc |
| 490 ## - بيان السلسلة | |
| عنوان السلسلة | سلسلة المعارف من منظور إسلامي ؛ |
| رقم المجلد/ التعيين التسلسلي | الكتاب الأول |
| 504 ## - تبصرة ببليوجرافية | |
| تبصرة ببليوجرافية,الخ | يشتمل على إرجاعات ببليوجرافية. |
| 541 ## - تبصرة المصدر المباشر للتزويد | |
| مصدر التزويد | دكتور علاء عبد الغني ؛ |
| طريقة التزويد | إهداء ؛ |
| 650 #7 - المدخل الاضافى بالموضوع-مصطلح موضوعى | |
| 9 (RLIN) | 16244 |
| مصطلح موضوعي أو اسم جغرافي كعنصر مدخل | التاريخ الإسلامي. |
| مصدر الرأس أو المصطلح | BUEsh |
| 655 ## - مصطلح تكشيفى-نوع/شكل | |
| التقسيم الفرعي الشكلي | Reading book |
| 700 1# - المدخل الاضافى - اسم شخصى | |
| 9 (RLIN) | 16314 |
| الإسم الشخصى | البنا، محمد كامل، |
| الدور | محقق، |
| -- | مراجع، |
| -- | مقدم. |
| 942 ## - عناصر المدخل الإضافي( كوها) | |
| مصدر التصنيف او مخطط الترفيف | Dewey Decimal Classification |
| Koha [default] item type | Book - Borrowing |
| حالة التراجع | حالة الفقد | مصدر التصنيف او خطة الترفيف | حالة تلف | ليس للاعارة | مجموعات كوها | المكان الدائم | المكان الحالي | موقع الترفيف | تاريخ الاكتساب | Source of acquisition | رقم الاستدعاء | الباركود | Date last seen | نوع الوعاء |
|---|---|---|---|---|---|---|---|---|---|---|---|---|---|---|
| Dewey Decimal Classification | Donation-Gift | Central Library | Central Library | Second Floor | 15/07/2010 | Donation | 909.097616 ع ب د | 000021048 | 15/07/2025 | Book - Borrowing |